000 00358nam a2200133Ia 4500
005 20251222154318.0
008 251222s9999||||xx |||||||||||||| ||spa||
020 _a978-612-302-320-1
082 _a382/C81/2010
100 _a"Cornejo Ramírez, Enrique"
245 0 _aComercio internacional: Hacia una gestión competitiva
250 _a4a.ed.
942 _cLIB
999 _c33662
_d33662